Former Flags of North and West Africa Countries/Territories - Statistics

General Stats
  • This quiz has been taken 40 times
  • The average score is 9 of 13
Answer Stats
Picture Answer % Correct
Great Socialist People's Libyan Arab Jamahiriya (Libya)
92%
Ghana
84%
Kingdom of Egypt
84%
Mali Empire
80%
People's Republic of Benin (Dahomey)
80%
Cameroon
76%
Sudan
76%
Togo
68%
Senegal
64%
Upper Volta (Burkina Faso)
64%
Cape Verde (Cabo Verde)
52%
Republic of Biafra
44%
Republic of the Rif
36%
No matching quizzes found
Score Distribution
Percent of People with Each Score
Percentile by Number Answered
Your Score History
You have not taken this quiz